Jeu de mots - Ils commencent par "bes". - Statistiques

Statistiques générales
  • Ce quiz a été pris 153 fois
    106 depuis la dernière actualisation
  • Le résultat moyen est 4 sur 11
Statistiques - réponses
Hint Réponse % Correct
Envie irrépressible d'aller au petit coin afin de faire ses... Besoins
89%
Sac long, ouvert par le milieu et dont les extrémités forment deux poches. Besace|Bissac
88%
Littéralement, "meilleur-vendeur". Best-seller
81%
Une petite bête. Bestiole
80%
Œuvre d’art représentant un ensemble d’animaux ou bien, au Moyen Âge, un recueil de fables. Bestiaire
47%
Qui travaille scrupuleusement, mais n’obtient que des résultats médiocres. Besogneux
26%
Anciennes lunettes rondes, généralement grosses et lourdes. Bésicles
18%
Jeu de cartes où l’on emploie autant de fois trente-deux cartes qu’il y a de joueurs, peut-être originaire du Limousin. Ce jeu compte Winston Churchill parmi ses joueurs célèbres. Bésigue|Bézigue
5%
Ensemble des animaux domestiques d’une exploitation rurale, à l'exception des animaux de basse-cour. Bestaille|Bestiaille
5%
Ancienne monnaie d'or ou d'argent, de l’Empire byzantin, introduite en Occident à l’époque des Croisades. Besant
2%
En parlant du vin, qui devient aigre. Besaigre
1%
Aucun quiz correspondant
Distribution des résultats
% des personnes avec chaque résultat
Percentile par nombre de réponses
Votre historique - résultats
Vous n’avez pas pris ce quiz depuis la dernière actualisation